000 00476nam a22001697a 4500
008 231024b |||||||| |||| 00| 0 eng d
020 _a0-697-04961-2
050 _aQP 34.5 .H65 1987
_bC.2
100 _aHOLE, JOHN W., JR.
245 _aHUMAN ANATOMY AND PHYSIOLOGY
250 _a4TH ED.
260 _aDUBUGUE
_bWM. C. BROWN PUBLISHERS
_c1987
300 _aXXVI, 966P.: ILL.
500 _aINCLUDES INDEX
650 _a Human anatomy: Human physiology
942 _2lcc
_cBK
999 _c208021
_d208021